<?xml version="1.0" encoding="UTF-8"?>
<record
    xmlns:xsi="http://www.w3.org/2001/XMLSchema-instance"
    xsi:schemaLocation="http://www.loc.gov/MARC21/slim http://www.loc.gov/standards/marcxml/schema/MARC21slim.xsd"
    xmlns="http://www.loc.gov/MARC21/slim">

  <leader>00691nam a22002057a 4500</leader>
  <controlfield tag="003">OSt</controlfield>
  <controlfield tag="005">20260210101129.0</controlfield>
  <controlfield tag="008">260210b        |||||||| |||| 00| 0 eng d</controlfield>
  <datafield tag="020" ind1=" " ind2=" ">
    <subfield code="a">0321116488</subfield>
  </datafield>
  <datafield tag="040" ind1=" " ind2=" ">
    <subfield code="c">Chuka University Library</subfield>
  </datafield>
  <datafield tag="050" ind1=" " ind2=" ">
    <subfield code="a">PC 2129</subfield>
    <subfield code="b">.M36 2005</subfield>
  </datafield>
  <datafield tag="100" ind1=" " ind2=" ">
    <subfield code="a">Coltinari, Helen., Anne Curry., &amp; John Erskine</subfield>
    <subfield code="9">23089</subfield>
  </datafield>
  <datafield tag="245" ind1=" " ind2=" ">
    <subfield code="a">Ca marche 2: Musique-mania</subfield>
  </datafield>
  <datafield tag="260" ind1=" " ind2=" ">
    <subfield code="a">Toronto</subfield>
    <subfield code="b">Pearson Education </subfield>
    <subfield code="c">2005</subfield>
  </datafield>
  <datafield tag="300" ind1=" " ind2=" ">
    <subfield code="a">32p.</subfield>
    <subfield code="b">Colored illustrations</subfield>
  </datafield>
  <datafield tag="650" ind1=" " ind2=" ">
    <subfield code="a">French language---Textbooks for foreign speakers</subfield>
    <subfield code="9">22931</subfield>
  </datafield>
  <datafield tag="650" ind1=" " ind2=" ">
    <subfield code="a">French language---Study and teaching</subfield>
    <subfield code="9">22907</subfield>
  </datafield>
  <datafield tag="650" ind1=" " ind2=" ">
    <subfield code="a">French language---Conversation &amp; phrase books</subfield>
    <subfield code="9">23080</subfield>
  </datafield>
  <datafield tag="942" ind1=" " ind2=" ">
    <subfield code="2">lcc</subfield>
    <subfield code="c">BK</subfield>
    <subfield code="n">0</subfield>
  </datafield>
  <datafield tag="952" ind1=" " ind2=" ">
    <subfield code="0">0</subfield>
    <subfield code="1">0</subfield>
    <subfield code="2">lcc</subfield>
    <subfield code="4">0</subfield>
    <subfield code="7">0</subfield>
    <subfield code="8">LGL</subfield>
    <subfield code="a">CHK</subfield>
    <subfield code="b">CHK</subfield>
    <subfield code="c">GEN</subfield>
    <subfield code="d">2026-02-10</subfield>
    <subfield code="e">Donation from Books for Africa</subfield>
    <subfield code="g">709.53</subfield>
    <subfield code="l">0</subfield>
    <subfield code="o">PC 2129 .M36 2005 V.2</subfield>
    <subfield code="p">29822/2026</subfield>
    <subfield code="r">2026-02-10 10:14:03</subfield>
    <subfield code="t">1</subfield>
    <subfield code="w">2026-02-10</subfield>
    <subfield code="y">BK</subfield>
  </datafield>
  <datafield tag="952" ind1=" " ind2=" ">
    <subfield code="0">0</subfield>
    <subfield code="1">0</subfield>
    <subfield code="2">lcc</subfield>
    <subfield code="4">0</subfield>
    <subfield code="7">0</subfield>
    <subfield code="8">LGL</subfield>
    <subfield code="a">CHK</subfield>
    <subfield code="b">CHK</subfield>
    <subfield code="c">GEN</subfield>
    <subfield code="d">2026-02-10</subfield>
    <subfield code="e">Donation from Books for Africa</subfield>
    <subfield code="g">709.53</subfield>
    <subfield code="l">0</subfield>
    <subfield code="o">PC 2129 .M36 2005 V.2</subfield>
    <subfield code="p">31196/2026</subfield>
    <subfield code="r">2026-03-27 16:07:46</subfield>
    <subfield code="t">2</subfield>
    <subfield code="w">2026-03-27</subfield>
    <subfield code="y">BK</subfield>
  </datafield>
  <datafield tag="952" ind1=" " ind2=" ">
    <subfield code="0">0</subfield>
    <subfield code="1">0</subfield>
    <subfield code="2">lcc</subfield>
    <subfield code="4">0</subfield>
    <subfield code="7">0</subfield>
    <subfield code="8">LGL</subfield>
    <subfield code="a">CHK</subfield>
    <subfield code="b">CHK</subfield>
    <subfield code="c">GEN</subfield>
    <subfield code="d">2026-05-13</subfield>
    <subfield code="e">Donation from Books for Africa</subfield>
    <subfield code="g">709.53</subfield>
    <subfield code="l">0</subfield>
    <subfield code="o">PC 2129 .M36 2005 V.2	</subfield>
    <subfield code="p">31492/2026</subfield>
    <subfield code="r">2026-05-13 16:49:48</subfield>
    <subfield code="t">3</subfield>
    <subfield code="w">2026-05-13</subfield>
    <subfield code="y">BK</subfield>
  </datafield>
  <datafield tag="952" ind1=" " ind2=" ">
    <subfield code="0">0</subfield>
    <subfield code="1">0</subfield>
    <subfield code="2">lcc</subfield>
    <subfield code="4">0</subfield>
    <subfield code="7">0</subfield>
    <subfield code="8">LGL</subfield>
    <subfield code="a">CHK</subfield>
    <subfield code="b">CHK</subfield>
    <subfield code="c">GEN</subfield>
    <subfield code="d">2026-05-13</subfield>
    <subfield code="e">Donation from Books for Africa</subfield>
    <subfield code="g">709.53</subfield>
    <subfield code="l">0</subfield>
    <subfield code="o">PC 2129 .M36 2005 V.2	</subfield>
    <subfield code="p">31493/2026</subfield>
    <subfield code="r">2026-05-13 16:49:48</subfield>
    <subfield code="t">4</subfield>
    <subfield code="w">2026-05-13</subfield>
    <subfield code="y">BK</subfield>
  </datafield>
  <datafield tag="952" ind1=" " ind2=" ">
    <subfield code="0">0</subfield>
    <subfield code="1">0</subfield>
    <subfield code="2">lcc</subfield>
    <subfield code="4">0</subfield>
    <subfield code="7">0</subfield>
    <subfield code="8">LGL</subfield>
    <subfield code="a">CHK</subfield>
    <subfield code="b">CHK</subfield>
    <subfield code="c">GEN</subfield>
    <subfield code="d">2026-05-13</subfield>
    <subfield code="e">Donation from Books for Africa</subfield>
    <subfield code="g">709.53</subfield>
    <subfield code="l">0</subfield>
    <subfield code="o">PC 2129 .M36 2005 V.2	</subfield>
    <subfield code="p">31494/2026</subfield>
    <subfield code="r">2026-05-13 16:49:48</subfield>
    <subfield code="t">5</subfield>
    <subfield code="w">2026-05-13</subfield>
    <subfield code="y">BK</subfield>
  </datafield>
  <datafield tag="952" ind1=" " ind2=" ">
    <subfield code="0">0</subfield>
    <subfield code="1">0</subfield>
    <subfield code="2">lcc</subfield>
    <subfield code="4">0</subfield>
    <subfield code="7">0</subfield>
    <subfield code="8">LGL</subfield>
    <subfield code="a">CHK</subfield>
    <subfield code="b">CHK</subfield>
    <subfield code="c">GEN</subfield>
    <subfield code="d">2026-05-13</subfield>
    <subfield code="e">Donation from Books for Africa</subfield>
    <subfield code="g">709.53</subfield>
    <subfield code="l">0</subfield>
    <subfield code="o">PC 2129 .M36 2005 V.2	</subfield>
    <subfield code="p">31495/2026</subfield>
    <subfield code="r">2026-05-13 16:49:48</subfield>
    <subfield code="t">6</subfield>
    <subfield code="w">2026-05-13</subfield>
    <subfield code="y">BK</subfield>
  </datafield>
  <datafield tag="952" ind1=" " ind2=" ">
    <subfield code="0">0</subfield>
    <subfield code="1">0</subfield>
    <subfield code="2">lcc</subfield>
    <subfield code="4">0</subfield>
    <subfield code="7">0</subfield>
    <subfield code="8">LGL</subfield>
    <subfield code="a">CHK</subfield>
    <subfield code="b">CHK</subfield>
    <subfield code="c">GEN</subfield>
    <subfield code="d">2026-05-13</subfield>
    <subfield code="e">Donation from Books for Africa</subfield>
    <subfield code="g">709.53</subfield>
    <subfield code="l">0</subfield>
    <subfield code="o">PC 2129 .M36 2005 V.2	</subfield>
    <subfield code="p">31496/2026</subfield>
    <subfield code="r">2026-05-13 16:49:48</subfield>
    <subfield code="t">7</subfield>
    <subfield code="w">2026-05-13</subfield>
    <subfield code="y">BK</subfield>
  </datafield>
  <datafield tag="952" ind1=" " ind2=" ">
    <subfield code="0">0</subfield>
    <subfield code="1">0</subfield>
    <subfield code="2">lcc</subfield>
    <subfield code="4">0</subfield>
    <subfield code="7">0</subfield>
    <subfield code="8">LGL</subfield>
    <subfield code="a">CHK</subfield>
    <subfield code="b">CHK</subfield>
    <subfield code="c">GEN</subfield>
    <subfield code="d">2026-05-13</subfield>
    <subfield code="e">Donation from Books for Africa</subfield>
    <subfield code="g">709.53</subfield>
    <subfield code="l">0</subfield>
    <subfield code="o">PC 2129 .M36 2005 V.2	</subfield>
    <subfield code="p">31497/2026</subfield>
    <subfield code="r">2026-05-13 16:49:48</subfield>
    <subfield code="t">8</subfield>
    <subfield code="w">2026-05-13</subfield>
    <subfield code="y">BK</subfield>
  </datafield>
  <datafield tag="999" ind1=" " ind2=" ">
    <subfield code="c">21436</subfield>
    <subfield code="d">21436</subfield>
  </datafield>
</record>
